Marina Sena - Coisas Naturais (Tracklist) - Statistics

Estatísticas Gerais
  • Esse quiz foi jogado 5 vezes
  • A pontuação média é 10 de 13
Estatísticas das Respostas
Coisas Naturais % Correto
1 Coisas Naturais
100%
10 Mágico
100%
2 Numa Ilha
100%
13 Ouro de Tolo
100%
7 SENSEI
100%
9 Combo da Sorte
67%
3 Desmitificar
67%
11 Doçura (feat. Çantamarta)
67%
8 Lua Cheia
67%
6 Sem Lei
67%
5 TOKITÔ (feat. Gaia, Nenny)
67%
4 Anjo
33%
12 CARNAVAL
33%
Nenhum quiz correspondente encontrado
Distribuição das Pontuações
Porcentagem de Pessoas com Cada Pontuação
Percentil de Números Respondidos
Sua Pontuação Histórica
Você não jogou esse quiz